Joueur du PSG dans le passé - Statistiques

Statistiques générales
  • Ce quiz a été pris 62 fois
  • Le résultat moyen est 12 sur 15
Statistiques - réponses
Par images Réponse % Correct
Bradley Barcola
98%
Ousmane Dembélé
98%
Achraf Hakimi
94%
Désiré Doué
94%
Matvey Safonov
89%
João Neves
85%
William Pacho
83%
Vitinha
81%
Nuno Mendes
79%
Fabian Ruiz
77%
Khvitcha Kvaratskhelia
75%
Marquinhos
68%
Gonçalo Ramos
66%
Warren Zaïre-Emery
66%
Senny Mayulu
64%
Aucun quiz correspondant
Distribution des résultats
% des personnes avec chaque résultat
Percentile par nombre de réponses
Votre historique - résultats
Vous n’avez pas pris ce quiz